00398cam a2200169ua 4500001000500000005001700005008003900022040000900061041000800070082001100078100002900089245004600118250000900164260002700173300001000200653001800210889020260515114409.0150218n ii |||gr||||Z||||||eng cMAIN aeng a822.33 aBanerji, S. K.,eAuthor.1 aShakespeare the tempestcBy S. K. Banerji a1st. aAgra:bLakshmi,c1996. a514p. aEnglish drama